[Event "1st K.Makarczyk Memorial"]
[Site "Lodz POL"]
[Date "1978.04.??"]
[Round "?"]
[White "Lengyel, Levente"]
[Black "Kirov, Nino"]
[Result "1/2-1/2"]
[WhiteElo "2430"]
[BlackElo "2465"]
[EventDate "1978.04.13"]
[PlyCount "24"]

1.Nf3 Nf6 2.c4 g6 3.Nc3 d5 4.cxd5 Nxd5 5.Qa4+ Nc6 6.Ne5 Nb4 7.Nxc6 Nxc6 8.
g3 Bg7 9.Bg2 O-O 10.Bxc6 bxc6 11.O-O c5 12.d3 Rb8 1/2-1/2

[Event "1st K.Makarczyk Memorial"]
[Site "Lodz POL"]
[Date "1978.04.??"]
[Round "?"]
[White "Lengyel, Levente"]
[Black "Pribyl, Josef"]
[Result "1/2-1/2"]
[WhiteElo "2430"]
[BlackElo "2455"]
[EventDate "1978.04.13"]
[PlyCount "34"]

1.Nf3 d5 2.d4 Nf6 3.c4 dxc4 4.e3 Bg4 5.Bxc4 e6 6.Nc3 Nbd7 7.h3 Bh5 8.O-O 
Be7 9.e4 Nb6 10.Be2 Bg6 11.Bd3 O-O 12.Be3 Rc8 13.Ne5 c5 14.Nxg6 hxg6 15.
dxc5 Bxc5 16.Qe2 Nfd7 17.Rfd1 Qe7 1/2-1/2

[Event "1st K.Makarczyk Memorial"]
[Site "Lodz POL"]
[Date "1978.04.??"]
[Round "?"]
[White "Lengyel, Levente"]
[Black "Skrobek, Ryszard"]
[Result "1/2-1/2"]
[WhiteElo "2430"]
[BlackElo "2460"]
[EventDate "1978.04.13"]
[PlyCount "36"]

1.d4 Nf6 2.c4 c5 3.d5 e6 4.Nc3 exd5 5.cxd5 d6 6.Nf3 g6 7.g3 Bg7 8.Bg2 O-O 
9.O-O Nbd7 10.Bf4 Ne8 11.e4 a6 12.a4 Rb8 13.a5 Qe7 14.Re1 b5 15.axb6 Rxb6 
16.Qc2 Nc7 17.Bf1 Re8 18.Bg5 Bf6 1/2-1/2

[Event "1st K.Makarczyk Memorial"]
[Site "Lodz POL"]
[Date "1978.04.??"]
[Round "?"]
[White "Lengyel, Levente"]
[Black "Sznapik, Aleksander"]
[Result "1-0"]
[WhiteElo "2430"]
[BlackElo "2430"]
[EventDate "1978.04.13"]
[PlyCount "73"]

1.Nf3 g6 2.e4 Bg7 3.d4 d6 4.Be2 Nf6 5.Nbd2 O-O 6.O-O Nc6 7.c3 e5 8.dxe5 
Nxe5 9.Nxe5 dxe5 10.Qc2 b6 11.Nc4 Bb7 12.f3 Nh5 13.Rd1 Qh4 14.Be3 f5 15.
exf5 e4 16.fxe4 Bxe4 17.Bd3 Rae8 18.Bf2 Qf4 19.Re1 gxf5 20.Bxe4 fxe4 21.
Be3 Qg4 22.Qd1 Qg6 23.Qd5+ Kh8 24.Rf1 Nf6 25.Qc6 Ng4 26.Qxg6 hxg6 27.Rxf8+
Rxf8 28.Re1 b5 29.Nd2 b4 30.Nxe4 bxc3 31.bxc3 Re8 32.Bd2 Rb8 33.h3 Ne5 34.
Be3 Rb2 35.Ng5 Bf6 36.Bd4 Bxg5 37.Rxe5 1-0

[Event "1st K.Makarczyk Memorial"]
[Site "Lodz POL"]
[Date "1978.04.??"]
[Round "?"]
[White "Lukacs, Peter"]
[Black "Espig, Lutz"]
[Result "1/2-1/2"]
[WhiteElo "2460"]
[BlackElo "2470"]
[EventDate "1978.04.13"]
[PlyCount "21"]

1.d4 Nf6 2.c4 d6 3.Nc3 Nbd7 4.Nf3 e5 5.e4 Be7 6.Be2 O-O 7.O-O a6 8.Re1 c6 
9.Bf1 Re8 10.Rb1 Qc7 11.d5 1/2-1/2

[Event "1st K.Makarczyk Memorial"]
[Site "Lodz POL"]
[Date "1978.04.??"]
[Round "?"]
[White "Lukacs, Peter"]
[Black "Kirov, Nino"]
[Result "1/2-1/2"]
[WhiteElo "2460"]
[BlackElo "2465"]
[EventDate "1978.04.13"]
[PlyCount "29"]

1.d4 Nf6 2.c4 g6 3.Nc3 d5 4.Nf3 Bg7 5.Bf4 O-O 6.e3 c5 7.dxc5 Ne4 8.Rc1 
Nxc3 9.bxc3 Qa5 10.cxd5 Bxc3+ 11.Nd2 Bf5 12.f3 Rc8 13.e4 Bd7 14.Kf2 Qxc5+ 
15.Be3 1/2-1/2

[Event "1st K.Makarczyk Memorial"]
[Site "Lodz POL"]
[Date "1978.04.??"]
[Round "?"]
[White "Lukacs, Peter"]
[Black "Pribyl, Josef"]
[Result "1/2-1/2"]
[WhiteElo "2460"]
[BlackElo "2455"]
[EventDate "1978.04.13"]
[PlyCount "35"]

1.d4 Nf6 2.c4 g6 3.Nc3 d5 4.Nf3 Bg7 5.Bf4 O-O 6.e3 c5 7.dxc5 Qa5 8.Rc1 
dxc4 9.Bxc4 Qxc5 10.Bb3 Nc6 11.O-O Qa5 12.h3 Bf5 13.Nd4 Bd7 14.Qe2 Rfd8 
15.Nf3 Be8 16.Bh2 a6 17.e4 e6 18.Rfd1 1/2-1/2

[Event "1st K.Makarczyk Memorial"]
[Site "Lodz POL"]
[Date "1978.04.??"]
[Round "?"]
[White "Lukacs, Peter"]
[Black "Skrobek, Ryszard"]
[Result "1-0"]
[WhiteElo "2460"]
[BlackElo "2460"]
[EventDate "1978.04.13"]
[PlyCount "81"]

1.d4 Nf6 2.c4 e6 3.Nc3 Bb4 4.e3 b6 5.Bd3 Bb7 6.Nf3 Ne4 7.O-O Bxc3 8.bxc3 
f5 9.Qc2 O-O 10.Nd2 Qh4 11.f3 Nxd2 12.Bxd2 Nc6 13.Rab1 d6 14.Rfe1 Na5 15.
e4 fxe4 16.Bxe4 Bxe4 17.Rxe4 Qf6 18.d5 Qf5 19.Qd3 e5 20.Rbe1 Rf6 21.Qe2 
Nb7 22.Be3 Raf8 23.Qc2 Rg6 24.Kh1 Na5 25.Qd1 Qc8 26.Qa4 h6 27.Qd1 Kh7 28.
Qe2 Nb7 29.Qd1 Nd8 30.Bc1 Rf5 31.g4 Rf8 32.Qd3 Nb7 33.Ba3 Qe8 34.f4 Qa4 
35.Rxe5 Qxa3 36.Re6 Rf6 37.Rxf6 gxf6 38.Re7+ Kh8 39.Qxg6 Qc1+ 40.Kg2 Qc2+ 
41.Qxc2 1-0

[Event "1st K.Makarczyk Memorial"]
[Site "Lodz POL"]
[Date "1978.04.??"]
[Round "?"]
[White "Lukacs, Peter"]
[Black "Sznapik, Aleksander"]
[Result "1/2-1/2"]
[WhiteElo "2460"]
[BlackElo "2430"]
[EventDate "1978.04.13"]
[PlyCount "88"]

1.d4 Nf6 2.c4 g6 3.Nc3 Bg7 4.e4 d6 5.Be2 O-O 6.Bg5 c5 7.d5 h6 8.Bf4 e6 9.
dxe6 Bxe6 10.Bxd6 Re8 11.Nf3 Nc6 12.O-O Nd4 13.e5 Nd7 14.Nxd4 cxd4 15.Qxd4
Nxe5 16.Bxe5 Qxd4 17.Bxd4 Bxd4 18.Rac1 Rad8 19.b3 Bxc3 20.Rxc3 Rd2 21.Bf3 
Rxa2 22.Bxb7 Rb8 23.Be4 Ra3 24.Bc2 a5 25.Re3 Kg7 26.Rfe1 Ra2 27.Rc3 Ra3 
28.f4 a4 29.f5 gxf5 30.Rg3+ Kf6 31.bxa4 Rxg3 32.hxg3 Bxc4 33.Rb1 Re8 34.
Rb4 Re1+ 35.Kh2 Bd5 36.Rf4 Re2 37.Bxf5 Rxg2+ 38.Kh3 Rd2 39.Be4+ Kg7 40.
Bxd5 Rxd5 41.Kg4 h5+ 42.Kf3 Rd3+ 43.Kf2 Ra3 44.Rb4 Kg6 1/2-1/2

[Event "1st K.Makarczyk Memorial"]
[Site "Lodz POL"]
[Date "1978.04.??"]
[Round "?"]
[White "Pokojowczyk, Jerzy"]
[Black "Barczay, Laszlo"]
[Result "1/2-1/2"]
[WhiteElo "2385"]
[BlackElo "2465"]
[EventDate "1978.04.13"]
[PlyCount "81"]

1.e4 c5 2.Nf3 e6 3.d4 cxd4 4.Nxd4 Nc6 5.Nb5 d6 6.c4 Nf6 7.N5c3 Be7 8.Be2 
O-O 9.O-O a6 10.Bf4 b6 11.Re1 Ra7 12.Qa4 Bb7 13.Na3 Nd7 14.Rad1 Qb8 15.Rd2
Nce5 16.b4 Ba8 17.Qb3 Rc7 18.Bf1 Qb7 19.Na4 Rfc8 20.Nb2 Nf8 21.f3 Nfg6 22.
Bg3 h5 23.Bf2 h4 24.Na4 Nd7 25.Rb1 h3 26.Qe3 hxg2 27.Bd3 Nge5 28.Be2 b5 
29.cxb5 axb5 30.Nxb5 Bg5 31.Qxg5 Qxb5 32.Bxb5 Nxf3+ 33.Kxg2 Nxg5 34.Kf1 
Nxe4 35.Rdb2 Ne5 36.Ba6 Rc1+ 37.Rxc1 Rxc1+ 38.Ke2 Nxf2 39.Kxf2 Rd1 40.Nb6 
Bb7 41.Bb5 1/2-1/2

[Event "1st K.Makarczyk Memorial"]
[Site "Lodz POL"]
[Date "1978.04.??"]
[Round "?"]
[White "Pokojowczyk, Jerzy"]
[Black "Espig, Lutz"]
[Result "0-1"]
[WhiteElo "2385"]
[BlackElo "2470"]
[EventDate "1978.04.13"]
[PlyCount "82"]

1.e4 g6 2.d4 Bg7 3.Nc3 c6 4.f4 d5 5.e5 h5 6.Be3 Nh6 7.Nf3 Bg4 8.Be2 e6 9.
Qd2 Nf5 10.Bf2 Nd7 11.Na4 Bf8 12.g3 Bxf3 13.Bxf3 b5 14.Nc3 Bb4 15.a3 Qa5 
16.Ke2 Bxc3 17.Qxc3 Qxc3 18.bxc3 Nb6 19.h3 h4 20.g4 Ne7 21.Rhf1 Kd7 22.Kd2
a5 23.Be2 Nc4+ 24.Ke1 a4 25.Bd3 Raf8 26.Ke2 f6 27.Be3 Rf7 28.Rg1 fxe5 29.
fxe5 Rhf8 30.Bxc4 dxc4 31.Raf1 Nd5 32.Rxf7+ Rxf7 33.Bd2 c5 34.g5 cxd4 35.
cxd4 Kc6 36.Rg4 c3 37.Bc1 Ra7 38.Kd3 b4 39.axb4 a3 40.Bxa3 Rxa3 41.Ke2 
Nxb4 0-1

[Event "1st K.Makarczyk Memorial"]
[Site "Lodz POL"]
[Date "1978.04.??"]
[Round "?"]
[White "Pokojowczyk, Jerzy"]
[Black "Lengyel, Levente"]
[Result "1/2-1/2"]
[WhiteElo "2385"]
[BlackElo "2430"]
[EventDate "1978.04.13"]
[PlyCount "21"]

1.e4 e5 2.Nf3 Nc6 3.Bb5 a6 4.Bxc6 dxc6 5.O-O Qd6 6.d3 Ne7 7.b3 c5 8.Bb2 
Ng6 9.a4 Qf6 10.Nc3 c6 11.Ne2 1/2-1/2

[Event "1st K.Makarczyk Memorial"]
[Site "Lodz POL"]
[Date "1978.04.??"]
[Round "?"]
[White "Pokojowczyk, Jerzy"]
[Black "Lukacs, Peter"]
[Result "0-1"]
[WhiteElo "2385"]
[BlackElo "2460"]
[EventDate "1978.04.13"]
[PlyCount "144"]

1.e4 e5 2.Nf3 Nc6 3.Bb5 a6 4.Bxc6 dxc6 5.O-O Bd6 6.d4 exd4 7.Qxd4 f6 8.Re1
Be6 9.c4 Ne7 10.Nc3 b6 11.b3 O-O 12.Bb2 Qe8 13.Ne2 Ng6 14.Qe3 c5 15.Nc3 
Qf7 16.Nd5 Rae8 17.Qd3 Bxd5 18.Qxd5 Nf4 19.Qxf7+ Rxf7 20.g3 Ng6 21.Rac1 
Rfe7 22.Nd2 Be5 23.Bxe5 Nxe5 24.Re3 Rd7 25.Nf1 Nc6 26.Rce1 Nd4 27.Rb1 Rde7
28.f3 f5 29.Nd2 fxe4 30.fxe4 Rd7 31.Rf1 a5 32.Rf2 Nc6 33.Nf3 Rde7 34.Nd2 
a4 35.Kg2 Nb4 36.a3 Nc2 37.Rc3 axb3 38.Rxb3 Nd4 39.Rd3 Ra8 40.Nf3 Rxe4 41.
Nxd4 Rxd4 42.Re3 Rf8 43.Rc2 h6 44.Re7 Rf7 45.Re8+ Kh7 46.a4 Rfd7 47.a5 
Rd2+ 48.Re2 Rxc2 49.Rxc2 bxa5 50.Ra2 Rd4 51.Rxa5 Rxc4 52.Ra6 Rc2+ 53.Kh3 
h5 54.Kh4 Rxh2+ 55.Kg5 Rh3 56.Rc6 Rxg3+ 57.Kxh5 Rd3 58.Rxc5 Rd7 59.Kg5 Kg8
60.Kf5 Kf7 61.Rc6 Re7 62.Rc1 Ke8 63.Kg6 Kd7 64.Rd1+ Kc8 65.Rc1 Rd7 66.Kf5 
Rd5+ 67.Kg6 c5 68.Kxg7 Kd7 69.Kf6 Kd6 70.Rc2 Rd3 71.Rc1 Kd5 72.Kf5 c4 0-1

[Event "1st K.Makarczyk Memorial"]
[Site "Lodz POL"]
[Date "1978.04.??"]
[Round "?"]
[White "Pokojowczyk, Jerzy"]
[Black "Pribyl, Josef"]
[Result "1/2-1/2"]
[WhiteElo "2385"]
[BlackElo "2455"]
[EventDate "1978.04.13"]
[PlyCount "72"]

1.e4 g6 2.d4 c6 3.c4 d5 4.exd5 cxd5 5.Nc3 Nf6 6.Qb3 Bg7 7.cxd5 O-O 8.Be2 
Nbd7 9.Bf3 Nb6 10.Bg5 Bf5 11.Bxf6 Bxf6 12.Rd1 Qc8 13.Nge2 Qc4 14.Qxc4 Nxc4
15.g4 Bc8 16.b3 Nd6 17.O-O Bg5 18.Ng3 f5 19.gxf5 gxf5 20.Bg2 Bd7 21.f4 Bf6
22.Nh5 Bh8 23.Rf3 Rac8 24.Rg3+ Kf7 25.Rd2 Rc7 26.Kf2 Rfc8 27.Ne2 Rc2 28.
Ke1 Bb5 29.Re3 Rxd2 30.Kxd2 Bxe2 31.Rxe2 Bxd4 32.Ng3 Bb2 33.Bh3 Bc1+ 34.
Ke1 Bxf4 35.Nxf5 Rc1+ 36.Kf2 Nxf5 1/2-1/2

[Event "1st K.Makarczyk Memorial"]
[Site "Lodz POL"]
[Date "1978.04.??"]
[Round "?"]
[White "Pokojowczyk, Jerzy"]
[Black "Sznapik, Aleksander"]
[Result "1-0"]
[WhiteElo "2385"]
[BlackElo "2430"]
[EventDate "1978.04.13"]
[PlyCount "63"]

1.e4 c5 2.Nf3 d6 3.d4 cxd4 4.Nxd4 Nf6 5.Nc3 e6 6.g4 a6 7.g5 Nfd7 8.Be3 b5 
9.a3 Bb7 10.h4 Nb6 11.h5 N8d7 12.Rh3 Be7 13.g6 Bf6 14.Qg4 Qe7 15.gxf7+ 
Kxf7 16.O-O-O Rhc8 17.f4 Rxc3 18.bxc3 Rc8 19.f5 e5 20.Ne6 d5 21.Bg5 Qxa3+ 
22.Kd2 Rg8 23.h6 g6 24.Bxf6 Nxf6 25.Ng5+ Ke7 26.Qh4 Ke8 27.Nxh7 Nxh7 28.
fxg6 Rxg6 29.Qh5 Qd6 30.Rg3 Kf7 31.Qf5+ Rf6 32.Qxh7+ 1-0

[Event "1st K.Makarczyk Memorial"]
[Site "Lodz POL"]
[Date "1978.04.??"]
[Round "?"]
[White "Pokojowczyk, Jerzy"]
[Black "Witkowski, Stefan"]
[Result "1/2-1/2"]
[WhiteElo "2385"]
[BlackElo "2365"]
[EventDate "1978.04.13"]
[PlyCount "89"]

1.e4 c5 2.Nf3 Nc6 3.d4 cxd4 4.Nxd4 Nf6 5.Nc3 e6 6.Ndb5 Bb4 7.a3 Bxc3+ 8.
Nxc3 d5 9.exd5 exd5 10.Bd3 d4 11.Qe2+ Be6 12.Ne4 Nxe4 13.Qxe4 Qa5+ 14.Bd2 
Qh5 15.O-O O-O 16.f4 Bd5 17.Qf5 Qxf5 18.Bxf5 g6 19.Bd3 f5 20.Rfe1 Rad8 21.
b4 Rfe8 22.Rxe8+ Rxe8 23.Rd1 a6 24.Kf2 Kf8 25.a4 Be4 26.Be1 Bxd3 27.Rxd3 
b5 28.axb5 axb5 29.Ra3 Ke7 30.c3 Kd6 31.cxd4 Nxd4 32.Bc3 Nc6 33.Bd2 Re4 
34.Rh3 Nxb4 35.Rxh7 Nd5 36.Rg7 Re6 37.h3 b4 38.g4 Kc5 39.gxf5 gxf5 40.Rf7 
b3 41.Bc1 Ra6 42.Kf3 Ra1 43.Bb2 Rf1+ 44.Kg3 Rxf4 45.Rb7 1/2-1/2

[Event "1st K.Makarczyk Memorial"]
[Site "Lodz POL"]
[Date "1978.04.??"]
[Round "?"]
[White "Pribyl, Josef"]
[Black "Barczay, Laszlo"]
[Result "1/2-1/2"]
[WhiteElo "2455"]
[BlackElo "2465"]
[EventDate "1978.04.13"]
[PlyCount "27"]

1.c4 Nf6 2.Nc3 g6 3.d4 d5 4.cxd5 Nxd5 5.g3 Bg7 6.Bg2 Nxc3 7.bxc3 O-O 8.Nf3
c5 9.O-O Nc6 10.Bb2 cxd4 11.cxd4 Bf5 12.Qb3 Be4 13.Rfd1 Qd5 14.Qxd5 
1/2-1/2

[Event "1st K.Makarczyk Memorial"]
[Site "Lodz POL"]
[Date "1978.04.??"]
[Round "?"]
[White "Pribyl, Josef"]
[Black "Espig, Lutz"]
[Result "1-0"]
[WhiteElo "2455"]
[BlackElo "2470"]
[EventDate "1978.04.13"]
[PlyCount "78"]

1.c4 c5 2.Nf3 g6 3.Nc3 Bg7 4.e3 Nf6 5.d4 O-O 6.Be2 cxd4 7.exd4 d5 8.O-O 
Nc6 9.Bg5 Be6 10.h3 h6 11.Bxf6 Bxf6 12.c5 Bf5 13.Qa4 Be4 14.Rad1 Bxf3 15.
Bxf3 e6 16.a3 a6 17.Rd3 Bg7 18.Rfd1 Qh4 19.Be2 Rfd8 20.Bf1 Qf4 21.R1d2 h5 
22.Qd1 h4 23.b4 e5 24.Ne2 Qf5 25.dxe5 Bh6 26.f4 d4 27.Kh1 g5 28.Nxd4 Nxd4 
29.Rxd4 Rxd4 30.Rxd4 gxf4 31.Rd7 f3 32.gxf3 Bg5 33.Qd5 Rb8 34.e6 Qxd5 35.
Rxd5 Be7 36.Rd7 Kf8 37.Bc4 fxe6 38.Bxe6 Ke8 39.f4 Bf6 1-0

[Event "1st K.Makarczyk Memorial"]
[Site "Lodz POL"]
[Date "1978.04.??"]
[Round "?"]
[White "Pribyl, Josef"]
[Black "Inkiov, Ventzislav"]
[Result "1/2-1/2"]
[WhiteElo "2455"]
[BlackElo "2450"]
[EventDate "1978.04.13"]
[PlyCount "25"]

1.d4 d5 2.Nf3 Nf6 3.Bg5 Ne4 4.Bf4 c5 5.dxc5 Qa5+ 6.Nbd2 Nc6 7.e3 Bg4 8.Be2
e6 9.c3 Nxd2 10.Qxd2 Qxc5 11.h3 Bh5 12.O-O Be7 13.Ne5 1/2-1/2

[Event "1st K.Makarczyk Memorial"]
[Site "Lodz POL"]
[Date "1978.04.??"]
[Round "?"]
[White "Pribyl, Josef"]
[Black "Skrobek, Ryszard"]
[Result "1/2-1/2"]
[WhiteElo "2455"]
[BlackElo "2460"]
[EventDate "1978.04.13"]
[PlyCount "55"]

1.e4 c5 2.Nf3 e6 3.c3 d5 4.exd5 exd5 5.d4 Nc6 6.Bb5 Bd6 7.O-O Ne7 8.dxc5 
Bxc5 9.Nbd2 O-O 10.Nb3 Bd6 11.Bg5 Qc7 12.Bh4 Nf5 13.Bg3 Nxg3 14.hxg3 Qb6 
15.Qxd5 Bxg3 16.Qh5 Bf4 17.Bc4 Qd8 18.Rad1 Qf6 19.Nc5 g6 20.Qd5 Rd8 21.Qe4
Bg4 22.Nd3 Bxf3 23.Qxf3 Bh2+ 24.Kxh2 Qh4+ 25.Kg1 Qxc4 26.Nc1 Qh4 27.Rfe1 
Rxd1 28.Rxd1 1/2-1/2

[Event "1st K.Makarczyk Memorial"]
[Site "Lodz POL"]
[Date "1978.04.??"]
[Round "?"]
[White "Skrobek, Ryszard"]
[Black "Adamski, Jan"]
[Result "1/2-1/2"]
[WhiteElo "2460"]
[BlackElo "2470"]
[EventDate "1978.04.13"]
[PlyCount "34"]

1.e4 c5 2.Nf3 d6 3.c3 Nf6 4.Be2 g6 5.O-O Bg7 6.Re1 O-O 7.Bf1 Bg4 8.h3 Bxf3
9.Qxf3 Nc6 10.a4 Rb8 11.Na3 Nd7 12.Qd1 a6 13.Nc2 Na5 14.Ne3 Nc6 15.Nc2 Na5
16.Ne3 Nc6 17.Nc2 Na5 1/2-1/2

[Event "1st K.Makarczyk Memorial"]
[Site "Lodz POL"]
[Date "1978.04.??"]
[Round "?"]
[White "Skrobek, Ryszard"]
[Black "Ghitescu, Theodor"]
[Result "0-1"]
[WhiteElo "2460"]
[BlackElo "2450"]
[EventDate "1978.04.13"]
[PlyCount "57"]

1.e4 c5 2.Nf3 d6 3.c3 Nf6 4.Bc4 e6 5.Qe2 Be7 6.d4 cxd4 7.cxd4 d5 8.exd5 
exd5 9.Bb5+ Bd7 10.Ne5 O-O 11.Nxd7 Nbxd7 12.O-O a6 13.Bd3 Re8 14.Be3 Rc8 
15.Nc3 Bb4 16.Rfc1 Qa5 17.Nd1 Rxc1 18.Rxc1 Qxa2 19.Rc7 b5 20.g4 Qa5 21.Qc2
Nf8 22.g5 Ne4 23.f3 Nd2 24.Bxh7+ Nxh7 25.g6 fxg6 26.Bh6 Nxf3+ 27.Kf2 Re2+ 
28.Qxe2 Qxc7 29.Be3 0-1

[Event "1st K.Makarczyk Memorial"]
[Site "Lodz POL"]
[Date "1978.04.??"]
[Round "?"]
[White "Skrobek, Ryszard"]
[Black "Helmers, Knut"]
[Result "0-1"]
[WhiteElo "2460"]
[BlackElo "2340"]
[EventDate "1978.04.13"]
[PlyCount "80"]

1.e4 c5 2.Nf3 d6 3.d4 Nf6 4.Nc3 cxd4 5.Nxd4 a6 6.Bc4 e6 7.Bb3 b5 8.O-O Be7
9.f4 O-O 10.a3 Bb7 11.f5 e5 12.Nde2 Nbd7 13.Ng3 Rc8 14.Bg5 Rxc3 15.bxc3 
Nxe4 16.Bxe7 Qxe7 17.Nxe4 Bxe4 18.c4 Nf6 19.cxb5 axb5 20.Qe2 Qa7+ 21.Qf2 
Qb7 22.a4 Ng4 23.Qh4 Ne3 24.Rfe1 Nxc2 25.Rxe4 Nxa1 26.f6 d5 27.Rg4 g6 28.
Rg3 Qb6+ 29.Kh1 Rc8 30.Bd1 Rc4 31.Qg5 Rf4 32.Rf3 Qd4 33.Be2 Rxf3 34.gxf3 
e4 35.axb5 Nc2 36.Qg1 Ne3 37.Qc1 h5 38.h3 Nf5 39.Qc8+ Kh7 40.Qb7 Qf2 0-1

[Event "1st K.Makarczyk Memorial"]
[Site "Lodz POL"]
[Date "1978.04.??"]
[Round "?"]
[White "Skrobek, Ryszard"]
[Black "Inkiov, Ventzislav"]
[Result "0-1"]
[WhiteElo "2460"]
[BlackElo "2450"]
[EventDate "1978.04.13"]
[PlyCount "58"]

1.d4 d5 2.Nc3 Nf6 3.Bg5 Nbd7 4.Qd3 c6 5.f4 Qa5 6.O-O-O b5 7.a3 b4 8.axb4 
Qxb4 9.e4 Rb8 10.e5 Qxb2+ 11.Kd2 Ne4+ 12.Nxe4 dxe4 13.Qxe4 e6 14.Bd3 Bb7 
15.f5 Bb4+ 16.Ke2 c5 17.Qh4 c4 18.Be4 exf5 19.Bxf5 g6 20.Be4 f5 21.Bxf5 
gxf5 22.Qh5+ Kf8 23.Qh6+ Kf7 24.e6+ Kg8 25.Nf3 Re8 26.Kf2 Qxc2+ 27.Kg3 
Bd6+ 28.Kh3 Qe4 29.Bf4 Bxf4 0-1

[Event "1st K.Makarczyk Memorial"]
[Site "Lodz POL"]
[Date "1978.04.??"]
[Round "?"]
[White "Skrobek, Ryszard"]
[Black "Kirov, Nino"]
[Result "1/2-1/2"]
[WhiteElo "2460"]
[BlackElo "2465"]
[EventDate "1978.04.13"]
[PlyCount "33"]

1.e4 e6 2.d4 d5 3.Nd2 dxe4 4.Nxe4 Bd7 5.Nf3 Bc6 6.Bd3 Nd7 7.O-O Ngf6 8.Qe2
Be7 9.Nxf6+ Bxf6 10.c3 O-O 11.Bf4 Bxf3 12.Qxf3 c6 13.Rfe1 g6 14.h3 Re8 15.
Re2 Bg7 16.Rae1 Qa5 17.Bc4 1/2-1/2

[Event "1st K.Makarczyk Memorial"]
[Site "Lodz POL"]
[Date "1978.04.??"]
[Round "?"]
[White "Skrobek, Ryszard"]
[Black "Pokojowczyk, Jerzy"]
[Result "0-1"]
[WhiteElo "2460"]
[BlackElo "2385"]
[EventDate "1978.04.13"]
[PlyCount "96"]

1.Nf3 Nf6 2.c4 g6 3.Nc3 Bg7 4.d4 O-O 5.Bg5 c6 6.e4 d6 7.Be2 h6 8.Be3 Nbd7 
9.O-O e5 10.dxe5 dxe5 11.Nd2 Qe7 12.Qa4 Ne8 13.c5 Nc7 14.Rfd1 Ne6 15.Nb3 
Re8 16.Qc4 Bf8 17.Na4 h5 18.Rd2 Nf6 19.f3 h4 20.Rad1 Nh5 21.Bf1 Nef4 22.
Kf2 Qg5 23.Nc1 Qf6 24.Ne2 g5 25.g3 hxg3+ 26.hxg3 g4 27.Ng1 Ng6 28.Kg2 
gxf3+ 29.Nxf3 Qg7 30.Kf2 Nf6 31.Nh2 Qh7 32.Kg1 Nh5 33.Bf2 Nf6 34.Nc3 Ng4 
35.Nxg4 Bxg4 36.Be2 Qh3 37.Bxg4 Qxg4 38.Ne2 Qg5 39.Rd7 Re7 40.Qd3 Qg4 41.
Rd8 Rxd8 42.Qxd8 Nf4 43.Nxf4 exf4 44.Rf1 fxg3 45.Kg2 Rxe4 46.Qd2 Re2 47.
Qd4 gxf2+ 48.Kh1 Qh3# 0-1

[Event "1st K.Makarczyk Memorial"]
[Site "Lodz POL"]
[Date "1978.04.??"]
[Round "?"]
[White "Sznapik, Aleksander"]
[Black "Adamski, Jan"]
[Result "1-0"]
[WhiteElo "2430"]
[BlackElo "2470"]
[EventDate "1978.04.13"]
[PlyCount "63"]

1.e4 c5 2.Nf3 d6 3.d4 cxd4 4.Nxd4 Nf6 5.Nc3 a6 6.Be2 e6 7.O-O Be7 8.f4 O-O
9.Kh1 Nc6 10.Be3 Bd7 11.Qe1 b5 12.a3 Qb8 13.Rd1 Nxd4 14.Bxd4 Bc6 15.Qg3 
Qb7 16.Bf3 Rad8 17.Rfe1 a5 18.Nd5 Kh8 19.Nxe7 Qxe7 20.Bc3 Qc7 21.Qg5 h6 
22.Qg3 Ng8 23.Re3 Rb8 24.Qe1 Ra8 25.Red3 Ra6 26.Qh4 Kh7 27.Re1 Qb7 28.f5 
b4 29.axb4 axb4 30.Bd2 e5 31.f6 Nxf6 32.Bxh6 1-0

[Event "1st K.Makarczyk Memorial"]
[Site "Lodz POL"]
[Date "1978.04.??"]
[Round "?"]
[White "Sznapik, Aleksander"]
[Black "Espig, Lutz"]
[Result "1-0"]
[WhiteElo "2430"]
[BlackElo "2470"]
[EventDate "1978.04.13"]
[PlyCount "57"]

1.e4 c5 2.Nf3 e6 3.d4 cxd4 4.Nxd4 Nf6 5.Nc3 d6 6.Be2 Be7 7.O-O O-O 8.f4 
Nc6 9.Be3 Bd7 10.Kh1 Nxd4 11.Bxd4 Bc6 12.Bd3 Nd7 13.Qh5 e5 14.Be3 exf4 15.
Bxf4 Nf6 16.Qe2 Re8 17.Rad1 Qa5 18.Nd5 Bxd5 19.exd5 a6 20.Bg5 Bd8 21.Qf3 
Qxa2 22.Qh3 Kf8 23.Bxh7 Qxb2 24.Bd3 Kg8 25.Bxf6 Bxf6 26.Rb1 Qxb1 27.Qh7+ 
Kf8 28.Rxb1 b5 29.Qh8+ 1-0

[Event "1st K.Makarczyk Memorial"]
[Site "Lodz POL"]
[Date "1978.04.??"]
[Round "?"]
[White "Sznapik, Aleksander"]
[Black "Skrobek, Ryszard"]
[Result "0-1"]
[WhiteElo "2430"]
[BlackElo "2460"]
[EventDate "1978.04.13"]
[PlyCount "77"]

1.Nf3 c5 2.c4 Nf6 3.g3 d5 4.Bg2 Nc6 5.O-O e5 6.d3 Be7 7.Na3 O-O 8.cxd5 
Nxd5 9.Nc4 f6 10.a4 Be6 11.Bd2 Qd7 12.a5 Rab8 13.Ne1 b5 14.axb6 axb6 15.f4
exf4 16.gxf4 b5 17.Na5 Nxa5 18.Rxa5 Bd8 19.Ra1 Bb6 20.Kh1 Ne7 21.e4 f5 22.
Nf3 Qxd3 23.Ng5 Qd7 24.Qh5 h6 25.Nxe6 Qxe6 26.Rae1 Qf7 27.Qe2 c4 28.Bb4 
Rfd8 29.Bh3 Rd3 30.Qg2 fxe4 31.Bxe7 Qxe7 32.Rxe4 Qd6 33.Be6+ Kh8 34.f5 Rd2
35.Qh3 Bc7 36.Rh4 Qc6+ 37.Qf3 Qxf3+ 38.Rxf3 Be5 39.Re4 0-1

[Event "1st K.Makarczyk Memorial"]
[Site "Lodz POL"]
[Date "1978.04.??"]
[Round "?"]
[White "Witkowski, Stefan"]
[Black "Barczay, Laszlo"]
[Result "0-1"]
[WhiteElo "2365"]
[BlackElo "2465"]
[EventDate "1978.04.13"]
[PlyCount "90"]

1.Nf3 g6 2.d4 Bg7 3.g3 Nf6 4.Bg2 O-O 5.O-O c5 6.b3 cxd4 7.Bb2 d5 8.Nbd2 
Nc6 9.Nxd4 Qb6 10.e3 Bg4 11.Qc1 Rac8 12.Nxc6 Qxc6 13.c4 Qe6 14.cxd5 Nxd5 
15.Nc4 b5 16.Bxg7 Kxg7 17.Qb2+ f6 18.Na3 Nc3 19.Nc2 Qd7 20.Nd4 e5 21.Nf3 
Rfd8 22.b4 Na4 23.Qb1 Bf5 24.e4 Nc3 25.Qe1 Bxe4 26.Nxe5 Qf5 27.Bxe4 Nxe4 
28.f3 Ng5 29.Ng4 Re8 30.Qd1 h5 31.h4 Rcd8 32.Ne3 Qh3 33.Qe1 Rxe3 34.Qxe3 
Qxg3+ 35.Kh1 Qxh4+ 36.Kg2 Qh3+ 37.Kf2 Qh2+ 38.Ke1 Qh4+ 39.Ke2 Rd5 40.Qxa7+
Kh6 41.Rac1 Ne6 42.Ke3 Qf4+ 43.Kf2 Qd2+ 44.Kg1 Rg5+ 45.Kh1 Qg2# 0-1

[Event "1st K.Makarczyk Memorial"]
[Site "Lodz POL"]
[Date "1978.04.??"]
[Round "?"]
[White "Witkowski, Stefan"]
[Black "Espig, Lutz"]
[Result "1/2-1/2"]
[WhiteElo "2365"]
[BlackElo "2470"]
[EventDate "1978.04.13"]
[PlyCount "81"]

1.Nf3 Nf6 2.d4 d6 3.g3 Nbd7 4.Bg2 e5 5.O-O Be7 6.dxe5 dxe5 7.b3 O-O 8.Bb2 
e4 9.Ne5 c6 10.Nc4 Nb6 11.Nbd2 Bf5 12.Nxb6 axb6 13.a4 e3 14.fxe3 Bg6 15.
Bd4 Re8 16.Nc4 c5 17.Bxf6 Bxf6 18.Qxd8 Raxd8 19.Rac1 Bg5 20.Bxb7 Bxe3+ 21.
Nxe3 Rxe3 22.Rfd1 Rb8 23.Kf2 Rc3 24.Rd7 Bf5 25.Rd2 c4 26.b4 Ra3 27.Bc6 Ra2
28.e4 Be6 29.Ke3 Kf8 30.c3 Ra3 31.Rcc2 Rc8 32.Bd7 Bxd7 33.Rxd7 Rxa4 34.Rf2
f6 35.Rfd2 Ra3 36.Kd4 Ke8 37.Rd5 Ra1 38.Rb5 Rc6 39.Rd5 Ke7 40.Rh5 Re1 41.
Rd5 1/2-1/2

[Event "1st K.Makarczyk Memorial"]
[Site "Lodz POL"]
[Date "1978.04.??"]
[Round "?"]
[White "Witkowski, Stefan"]
[Black "Lengyel, Levente"]
[Result "1/2-1/2"]
[WhiteElo "2365"]
[BlackElo "2430"]
[EventDate "1978.04.13"]
[PlyCount "28"]

1.c4 e6 2.Nc3 d5 3.d4 Be7 4.Nf3 Nf6 5.Bg5 O-O 6.e3 h6 7.Bh4 b6 8.cxd5 Nxd5
9.Bxe7 Qxe7 10.Bd3 Bb7 11.O-O Nxc3 12.bxc3 c5 13.Ne5 Nc6 14.Nxc6 Bxc6 
1/2-1/2

[Event "1st K.Makarczyk Memorial"]
[Site "Lodz POL"]
[Date "1978.04.??"]
[Round "?"]
[White "Witkowski, Stefan"]
[Black "Pribyl, Josef"]
[Result "1-0"]
[WhiteElo "2365"]
[BlackElo "2455"]
[EventDate "1978.04.13"]
[PlyCount "111"]

1.Nf3 g6 2.d4 Nf6 3.g3 Bg7 4.Bg2 O-O 5.O-O d5 6.c4 dxc4 7.Na3 Nc6 8.Nxc4 
Be6 9.Nce5 Nxe5 10.dxe5 Ng4 11.Bf4 h6 12.h4 Qxd1 13.Rfxd1 Rfd8 14.b3 c6 
15.e4 a5 16.Bf1 Kf8 17.Bc4 Bxc4 18.bxc4 Ke8 19.a4 e6 20.Rxd8+ Kxd8 21.Kf1 
Kc7 22.Ke2 Ra6 23.Ra2 Ra8 24.Rb2 b6 25.Rb1 Rd8 26.Bd2 Bxe5 27.c5 Bg7 28.
Rxb6 Ra8 29.Rb1 f5 30.exf5 gxf5 31.Ne1 e5 32.Nc2 Bf8 33.f3 Nf6 34.Ne3 Bxc5
35.Nxf5 h5 36.Bc3 Kd7 37.Bxe5 Re8 38.f4 Ng4 39.Rb7+ Kd8 40.Rb8+ Kd7 41.
Rb7+ Kd8 42.Rb8+ Kd7 43.Rxe8 Kxe8 44.Bc3 Kf7 45.Nd4 Bxd4 46.Bxd4 Ke6 47.
Bb6 Nf6 48.Bxa5 Kd5 49.Kf3 c5 50.Be1 c4 51.a5 Kc5 52.f5 Nd5 53.Ke4 c3 54.
Kd3 c2 55.Bd2 Nb4+ 56.Bxb4+ 1-0